| 000 | 00766nab a2200229 a 4500 | ||
|---|---|---|---|
| 005 | 20210219161849.0 | ||
| 008 | 991125s1985 mx 000 0 spa u | ||
| 035 | _aUPN01000193203 | ||
| 100 | 1 | _aAmado, Bibiana María del Carmen | |
| 222 | _aCULTURA Y EDUCACION : | ||
| 222 | _bREVISTA DE TEORIA, INVESTIGACION Y PRACTICA | ||
| 245 | _aLeer y comprender en la escuela rural : la relación entre la perspectiva ecológica de los textos expositivos y los conocimientos previos de los niños | ||
| 260 | _aMadrid, España | ||
| 300 | _a17-32 | ||
| 362 | 0 | _a2012 Vol. 24, no. 1, mar. | |
| 653 | 0 | _aCOMUNIDAD RURAL | |
| 653 | 0 | _aMEDIO AMBIENTE | |
| 653 | 0 | _aCOMPRENSION LECTORA | |
| 700 | 1 | _aBorzone, Ana María, | |
| 700 | 1 | _ecoaut. | |
| 905 | _aArticulo | ||
| 999 |
_c165304 _d165304 |
||